<?xml version="1.0" encoding="UTF-8"?><marc:collection xmlns:marc="http://www.loc.gov/MARC21/slim">
  <marc:record>
    <marc:leader>00000nam##2200000za#4500</marc:leader>
    <marc:controlfield tag="001">9.680695</marc:controlfield>
    <marc:controlfield tag="003">CaOODSP</marc:controlfield>
    <marc:controlfield tag="005">20200330064623</marc:controlfield>
    <marc:controlfield tag="007">ta</marc:controlfield>
    <marc:controlfield tag="008">150407|1999||||xxc|||||     f|0| 0 fre|d</marc:controlfield>
    <marc:datafield tag="020" ind1=" " ind2=" ">
      <marc:subfield code="a">0-662-83545-X</marc:subfield>
    </marc:datafield>
    <marc:datafield tag="040" ind1=" " ind2=" ">
      <marc:subfield code="a">CaOODSP</marc:subfield>
      <marc:subfield code="b">fre</marc:subfield>
    </marc:datafield>
    <marc:datafield tag="043" ind1=" " ind2=" ">
      <marc:subfield code="a">n-cn---</marc:subfield>
    </marc:datafield>
    <marc:datafield tag="086" ind1="1" ind2=" ">
      <marc:subfield code="a">H68-48/1999F</marc:subfield>
    </marc:datafield>
    <marc:datafield tag="110" ind1="1" ind2=" ">
      <marc:subfield code="a">Canada.</marc:subfield>
      <marc:subfield code="b">Santé Canada. </marc:subfield>
      <marc:subfield code="b">Consei national du bien-être social.</marc:subfield>
    </marc:datafield>
    <marc:datafield tag="245" ind1="1" ind2="0">
      <marc:subfield code="a">Les enfants du préscolaire : </marc:subfield>
      <marc:subfield code="b">des promesses à tenir </marc:subfield>
    </marc:datafield>
    <marc:datafield tag="260" ind1=" " ind2=" ">
      <marc:subfield code="a">Ottawa - Ontario : </marc:subfield>
      <marc:subfield code="b">Santé Canada. </marc:subfield>
      <marc:subfield code="c">1999.</marc:subfield>
    </marc:datafield>
    <marc:datafield tag="300" ind1=" " ind2=" ">
      <marc:subfield code="a">110p. : </marc:subfield>
      <marc:subfield code="b">graphiques, références, tableaux ; </marc:subfield>
      <marc:subfield code="c">28 cm.</marc:subfield>
    </marc:datafield>
    <marc:datafield tag="500" ind1=" " ind2=" ">
      <marc:subfield code="a">«Ce document est le deuxième d'une série de rapports du Conseil national du bien-être social sur des questions relatives aux enfants et aux familles. Le rapport 'Parents en santé, bébés en santé' traitait de la grossesse et des enfants d'un an et moins. Ce rapport porte sur des questions et des programmes d'intérêt à quelque deux millions d'enfants âgés de deux à six ans soit, presque sept pour cent de la population canadienne. Le Conseil a aussi publié à l'automne de 1998 le rapport 'Les prestations familiales: les enfants restent sur leur faim', sur la Prestation fiscale canadienne pour enfants. Le Conseil prévoit continuer à accorder la priorité aux sujets relatifs aux enfants. Le prochain rapport de cette série sera consacré aux enfants d'âge scolaire'."--Page 3.</marc:subfield>
    </marc:datafield>
    <marc:datafield tag="520" ind1="3" ind2=" ">
      <marc:subfield code="a">Ce document est le deuxième d'une série de rapports du Conseil national du bien-être social sur des questions relatives aux enfants et aux familles. Le rapport 'Parents en santé, bébés en santé' traitait de la grossesse et des enfants d'un an et moins. Ce rapport porte sur des questions et des programmes d'intérêt à quelque deux millions d'enfants âgés de deux à six ans soit, presque sept pour cent de la population canadienne. Le Conseil a aussi publié à l'automne de 1998 le rapport 'Les prestations familiales: les enfants restent sur leur faim', sur la Prestation fiscale canadienne pour enfants. Le Conseil prévoit continuer à accorder la priorité aux sujets relatifs aux enfants. Le prochain rapport de cette série sera consacré aux enfants d'âge scolaire'.--Page 3</marc:subfield>
    </marc:datafield>
    <marc:datafield tag="563" ind1=" " ind2=" ">
      <marc:subfield code="a">Couverture souple</marc:subfield>
    </marc:datafield>
    <marc:datafield tag="590" ind1=" " ind2=" ">
      <marc:subfield code="a">99-15</marc:subfield>
      <marc:subfield code="b">1999-04-16</marc:subfield>
    </marc:datafield>
    <marc:datafield tag="691" ind1="0" ind2="7">
      <marc:subfield code="a">Soin de l'enfant</marc:subfield>
      <marc:subfield code="2">gcpds</marc:subfield>
    </marc:datafield>
    <marc:datafield tag="691" ind1="0" ind2="7">
      <marc:subfield code="a">Pauvreté dans l'enfance</marc:subfield>
      <marc:subfield code="2">gcpds</marc:subfield>
    </marc:datafield>
    <marc:datafield tag="775" ind1="0" ind2="8">
      <marc:subfield code="t">Pre-school children : </marc:subfield>
      <marc:subfield code="w">(CaOODSP)9.647266</marc:subfield>
    </marc:datafield>
    <marc:datafield tag="776" ind1="0" ind2="#">
      <marc:subfield code="t">Les enfants du préscolaire : </marc:subfield>
      <marc:subfield code="w">(CaOODSP)9.640789</marc:subfield>
    </marc:datafield>
  </marc:record>
</marc:collection>
